Zákon NR SR č.218/1996 Z.z. o rozhodcovskom konaní
Zákon o rozhodcovskom konaní č.218/1996 Z.z. s dôvodovou správou. Uzavretie rozhodcovskej zmluvy. Rozhodcovské orgány. Konanie pred rozhodcami. Osobitné ustanovenia pre spory, ktoré vznikli v medzinárodnom obchode.
Saved in:
| Format: | Book Chapter |
|---|---|
| Language: | Slovak |
| Subjects: | |
| Tags: |
No Tags, Be the first to tag this record!
|
MARC
| LEADER | 00000naa a2200000 4500 | ||
|---|---|---|---|
| 001 | r021587 | ||
| 005 | 20230912103559.0 | ||
| 041 | 0 | |a slo | |
| 044 | |a SK | ||
| 245 | 1 | 0 | |a Zákon NR SR č.218/1996 Z.z. o rozhodcovskom konaní |
| 520 | |a Zákon o rozhodcovskom konaní č.218/1996 Z.z. s dôvodovou správou. Uzavretie rozhodcovskej zmluvy. Rozhodcovské orgány. Konanie pred rozhodcami. Osobitné ustanovenia pre spory, ktoré vznikli v medzinárodnom obchode. | ||
| 610 | 2 | 0 | |a zákony |
| 610 | 2 | 0 | |a 1996 |
| 610 | 2 | 0 | |a Slovensko |
| 610 | 2 | 0 | |a konanie rozhodcovské |
| 610 | 2 | 0 | |a obchod medzinárodný |